| 000 | 00614nam a22001337a 4500 | ||
|---|---|---|---|
| 040 | _cRUA | ||
| 082 | _aAGR CHU 2017 B646 Or.1 | ||
| 100 | _aCHUOB PHEARAK ជួប ភារះ | ||
| 245 | _acomparison of different mulching on growth and yield chinese kale ការប្រៀបធៀបគម្របផ្សេងៗលើកាលូតលាស់និងទិន្នផលដំណាំខាត់ណាដើម | ||
| 260 |
_aRUA _bphnom penh _c2017 |
||
| 300 |
_axi;36p _bill; _c29cm |
||
| 856 | _uhttps://drive.google.com/file/d/1GuZ2fqOXSR5ziWwKHpnJz2rAgdBT6ZSK/view?usp=sharing | ||
| 942 | _cAGR | ||
| 999 |
_c18239 _d18239 |
||